000 00417nam a2200181Ia 4500
001 1694
005 20260306143747.0
008 260306t2012||||xx |||||||||||||| ||spa||
041 _aESP
082 _a155
_bP25 2012
100 _aPapalia, Diane E.
_eAUT
245 0 _aDesarrollo humano
260 _c2012
300 _axxi, 625 páginas :
_c27 cm.
650 _aGEN
654 _aCPS
942 _cLIB
_dJUS
_fJUS
_2ddc
_n
999 _c1694
_d1694